[Event "6th Tal Memorial"]
[Site "Moscow RUS"]
[Date "2011.11.23"]
[Round "7"]
[White "Anand, Viswanathan"]
[Black "Carlsen, Magnus"]
[Result "1/2-1/2"]
[WhiteElo "2811"]
[BlackElo "2826"]
[Annotator "Keti Arakhamia-Grant"]
[PlyCount "58"]
[EventDate "2011.11.16"]
[Source "Mark Crowther"]
[SourceDate "2011.11.14"]

1. d4 Nf6 2. c4 g6 3. Nc3 d5 4. cxd5 Nxd5 5. e4 Nxc3 6. bxc3 Bg7 7. Be3 c5 8.
Qd2 cxd4 9. cxd4 Nc6 10. Rd1 O-O 11. Nf3 Bg4 12. Be2 Rc8 13. O-O Qa5 14. h3
Bxf3 15. Bxf3 Qxd2 16. Rxd2 Na5 {The simple plan of bringing the knight to c4
offers Black good counterplay- Avrukh, the Grandmaster Repertoire 9, page 142.}
17. e5 $146 {Anand deviates from the 17.Bg5, as was played previously in all
three games that reached this position.} (17. Bg5 Nc4 18. Rd3 {... 1/2-1/2
Melkumyan,H (2582)-Areshchenko,A (2670)/Rijeka 2010.}) 17... Nc4 {It feels
natural to exchange one of the White's bishops.} 18. Rd3 Nxe3 19. fxe3 Rc7 $11
20. Be4 ({One attempt to complicate the position could be to attack Black's
pawns on the queenside} 20. a4 b6 21. a5 bxa5 22. Ra1 {However Black can
counter-attack White's pawn weeknesses.} Rfc8 23. Rxa5 Rc3 24. Rxc3 Rxc3 25.
Rxa7 Bh6 $1 $11) 20... Rfc8 21. Rb3 b6 22. Kf2 f6 23. exf6 Bxf6 24. Ke2 Kg7 25.
Rd1 Rc3 26. Rd3 Rc2+ 27. Rd2 R2c3 28. Rd3 Rc2+ 29. Rd2 R2c3 1/2-1/2

[Event "6th Tal Memorial"]
[Site "Moscow RUS"]
[Date "2011.11.18"]
[Round "3"]
[White "Anand, Viswanathan"]
[Black "Nepomniachtchi, Ian"]
[Result "1/2-1/2"]
[WhiteElo "2811"]
[BlackElo "2730"]
[Annotator "Keti Arakhamia-Grant"]
[PlyCount "53"]
[EventDate "2011.11.16"]
[Source "Mark Crowther"]
[SourceDate "2011.11.14"]

1. d4 Nf6 2. c4 g6 3. Nc3 d5 4. Nf3 Bg7 5. Qb3 dxc4 6. Qxc4 O-O 7. e4 a6 {This
move is a most popular choice. Avrukh in his book recommends 7...Nc6 as a
viable alternative to the more common lines.} 8. Be2 b5 9. Qb3 Nc6 {It was
very interesting listening to Sutovsky's comments on the tournament website.
At this moment he predicted that Black on the next move can offer three pieces
for a queen. The exeptance may lead to very complicated and unbalanced
position with mutual chances. Some players prefer to have a piece play, when
the others, including computers like to keep the queen.} 10. e5 Be6 11. Qd1 ({
The World Champion agrees with the computer's assesment and prefers to keep
his queen on the board. The alternative} 11. exf6 Bxb3 12. fxg7 Kxg7 13. axb3
Nxd4 14. Nxd4 Qxd4 15. O-O Qb4 {is unclear.}) 11... Nd5 12. O-O Nxc3 13. bxc3
Bd5 14. Be3 Na5 15. Nd2 c5 {It looks like Black managed to solve his opening
problems and now equalises comfortably.} 16. Bf3 cxd4 17. cxd4 Nc4 18. Nxc4
bxc4 19. Rc1 e6 20. Qa4 Bxf3 21. gxf3 Qd5 22. Rxc4 Qxf3 23. Rfc1 Qg4+ 24. Kh1
Qe4+ 25. Kg1 Qg4+ 26. Kh1 Qe4+ 27. Kg1 1/2-1/2

[Event "6th Tal Memorial"]
[Site "Moscow RUS"]
[Date "2011.11.24"]
[Round "8"]
[White "Aronian, Levon"]
[Black "Svidler, Peter"]
[Result "1-0"]
[WhiteElo "2802"]
[BlackElo "2755"]
[Annotator "Keti Arakhamia-Grant"]
[PlyCount "107"]
[EventDate "2011.11.16"]
[Source "Mark Crowther"]
[SourceDate "2011.11.14"]

1. d4 Nf6 2. c4 g6 3. Nc3 d5 4. Bf4 Bg7 5. e3 c5 6. dxc5 Qa5 7. Rc1 dxc4 8.
Bxc4 O-O 9. Nf3 Qxc5 10. Bb3 Nc6 11. O-O Qa5 12. h3 Bf5 13. Qe2 Ne4 14. Nxe4
Bxe4 15. Rfd1 Qh5 16. Bc2 (16. Rd7 {given as a main line by Avrukh.} Rac8 $1)
16... Bxc2 ({I was very surprised to find on the page 217 in Avrukh's book the
quote to my own game.} 16... Bxf3 {this well-timed exchange completely solves
Black's opening problems, according to Avrukh.} 17. Qxf3 Qxf3 18. gxf3 Rad8 19.
Be4 Bxb2 20. Rxd8 Rxd8 21. Rc2 Ba3 22. Bxc6 bxc6 23. Rxc6 f6 24. e4 a5 {1/2-1/
2 Portisch,L (2595)-Arakhamia Grant,K (2420)/Roquebrune 1998. However in his
comments after the game Aronian points out that Svidler played all the right
moves until maybe move 19.}) 17. Qxc2 Qb5 18. a4 Qb4 19. Ne1 e5 20. Bg3 Rfd8
21. Nd3 Qe7 22. Qc5 Rd6 {Aronian describes this move as overly ambitious. He
is suggesting instead 22...f6, first restricting white's bishop and maybe
exchanging queens on c5 next.} 23. b4 Rad8 24. b5 Rd5 25. Qc2 e4 ({Maybe it
was better to play} 25... Na5 26. e4 Rd4 27. Nb2 b6 $11 (27... Bh6 28. Rxd4
exd4 $11)) 26. Nf4 $14 Rxd1+ 27. Rxd1 Rxd1+ 28. Qxd1 Nb4 29. Qc1 Bf6 30. Qc8+
Kg7 31. Qb8 a6 32. b6 (32. Nxg6 $6 Kxg6 33. Bd6 Qd8 34. Qxd8 Bxd8 35. Bxb4 axb5
36. axb5 Kf5 37. Kf1 Ke6 38. Ke2 Kd5 39. Kd2 Kc4 40. Bd6 Kxb5) 32... Nc6 33.
Qc8 h5 34. Ne2 Nd8 35. Bc7 Qe6 36. Qb8 Qd7 (36... Qa2 $1 37. Nf4 Qxa4 38. Bxd8
Qd1+ 39. Kh2 Bxd8 40. Qxb7 Qd6 $11) 37. Be5 Ne6 38. Nc3 Qc6 39. a5 h4 40. Bxf6+
Kxf6 41. Qh8+ Kf5 42. Qxh4 Qxc3 43. g4+ Ke5 44. Qh8+ f6 45. Qb8+ Kd5 46. Qxb7+
Qc6 47. Qb8 Nc5 48. Qg8+ Qe6 49. Qxg6 Kc4 50. h4 Kd3 51. h5 Ke2 52. h6 Qc4 53.
h7 Ke1 54. Qxf6 1-0

[Event "18th European Teams"]
[Site "Porto Carras GRE"]
[Date "2011.11.11"]
[Round "9.8"]
[White "Banikas, Hristos"]
[Black "Caruana, Fabiano"]
[Result "1/2-1/2"]
[WhiteElo "2620"]
[BlackElo "2727"]
[Annotator "Keti Arakhamia-Grant"]
[PlyCount "43"]
[EventDate "2011.11.03"]
[Source "Mark Crowther"]
[SourceDate "2011.11.14"]
[WhiteTeam "Greece"]
[BlackTeam "Italy"]
[WhiteTeamCountry "GRE"]
[BlackTeamCountry "ITA"]

1. d4 Nf6 2. c4 g6 3. Nc3 d5 4. Nf3 Bg7 5. cxd5 Nxd5 6. e4 Nxc3 7. bxc3 c5 8.
Be3 Qa5 9. Qd2 Nc6 10. Rb1 a6 11. Rc1 Bg4 12. d5 Rd8 13. Be2 O-O 14. O-O e6 ({
Avrukh believes that move to be inferior to the recommended by him in the
Grandmaster Repertoire 9} 14... Bxf3 15. Bxf3 e6) 15. Rfd1 ({The point is that
White has a strong reply here} 15. Bg5 {GR 9, p.119,} f6 ({in case of} 15...
Rd7 16. Qf4 Bxf3 {White has an intermidiate capture} 17. dxc6 $1) 16. Bf4 {and
White has a better chances.}) 15... Bxf3 16. Bxf3 exd5 17. exd5 Ne5 {Now games
transposes into a variation given by Avrukh on page 120.} 18. Be2 c4 {
According to Avrukh that move gives Black a good play.} 19. Rb1 b5 20. a4 Nd3
21. axb5 axb5 22. Bxd3 {Draw was agreed as the following exchanges lead to
more simplifications and equality.} 1/2-1/2

[Event "Schachbundesliga 2011-12"]
[Site "Muelheim GER"]
[Date "2011.10.15"]
[Round "2.7"]
[White "Braun, Arik"]
[Black "Naumann, Alexander"]
[Result "1/2-1/2"]
[WhiteElo "2560"]
[BlackElo "2546"]
[Annotator "Keti Arakhamia-Grant"]
[PlyCount "42"]
[EventDate "2011.10.14"]
[Source "Mark Crowther"]
[SourceDate "2011.11.14"]
[WhiteTeam "SC Eppingen"]
[BlackTeam "SG Solingen"]

1. d4 Nf6 2. c4 g6 3. Nc3 d5 4. Nf3 Bg7 5. Qb3 dxc4 6. Qxc4 O-O 7. e4 Nc6 8.
Be2 {In the Grandmaster Repertoire 8, Avrukh discusses this line in a chapter
number 28!} Bg4 9. Be3 Bxf3 10. gxf3 e5 11. dxe5 Nxe5 12. Qb5 Nh5 13. Rd1 Qh4
14. Qxb7 Rab8 ({Attacking the queen is a good option, but looks like Avrukh's
recommendation on page 330 is even sronger} 14... Nf4 $1 15. Bxf4 Qxf4 16. Qd5
Rab8 17. Qd2 Nxf3+ 18. Bxf3 Qxf3 19. O-O Be5 $19) (14... Qh3 15. Qxc7 Nxf3+ 16.
Bxf3 Qxf3 17. O-O Rae8 18. Qd7 Nf6 19. Qd3 Qg4+ 20. Kh1 Qf3+ 21. Kg1 {1/2-1/2
Kaufman,L (2427)-Winer,S (2306)/Washington DC 1999.}) 15. Qxc7 Rxb2 16. Nd5 h6
$6 ({Black missed the opportunity to get the overwhelming advantage with} 16...
Qh3 17. f4 Ng3 $1 $19) 17. Rd2 {White now is in time to neutralise Black's
initiative} Rb1+ ({Black could try to play on with} 17... Qh3 {but he does not
have sufficient resources to carry out successful attack.} 18. Rxb2 Nxf3+ 19.
Bxf3 Qxf3 20. Rb4 Qxh1+ 21. Ke2 $11) 18. Rd1 Rb2 19. Rd2 Rb1+ 20. Rd1 Rb2 21.
Rd2 Rb1+ 1/2-1/2

[Event "6th Tal Memorial"]
[Site "Moscow RUS"]
[Date "2011.11.24"]
[Round "8"]
[White "Carlsen, Magnus"]
[Black "Nepomniachtchi, Ian"]
[Result "1/2-1/2"]
[WhiteElo "2826"]
[BlackElo "2730"]
[Annotator "Keti Arakhamia-Grant"]
[PlyCount "80"]
[EventDate "2011.11.16"]
[Source "Mark Crowther"]
[SourceDate "2011.11.14"]

1. e4 c5 2. Nf3 d6 3. Bb5+ Bd7 4. Bxd7+ Qxd7 5. c4 {Experts on Anti- Sicilian
p.122, 142. Commentating after the game Carlsen mentioned that he did not get
anything special out of opening.} Nc6 {Greet considers 5...Nf6 to be the more
accurate move order.} 6. d4 cxd4 7. Nxd4 g6 8. Nc3 Bg7 9. Be3 Nf6 10. h3 {This
way White avoids Agdestein's move discussed on p.142.} (10. f3) 10... O-O 11.
O-O a6 (11... Rfc8 12. b3 a6 13. Nd5 Nxd5 14. exd5 Nxd4 15. Bxd4 Bxd4 16. Qxd4
b5 17. Rfe1 bxc4 18. bxc4 Rc7 19. Qh4 Rac8 20. Re4 Qf5 21. Rae1 Qf6 22. Qg4 h5
23. Qe2 Qc3 24. Rxe7 Rxc4 25. Re3 Qf6 26. Qf3 Rf4 27. Qe2 Kg7 28. g3 Rf5 29. h4
Rc5 30. Rd3 Re5 31. Qd2 Rxe1+ 32. Qxe1 Rc2 33. a3 Qf5 34. Rd4 Qf3 35. a4 Re2
36. Qf1 Ra2 37. Qe1 a5 38. Rf4 Qxd5 39. Qc3+ Kg8 40. Rd4 Qe5 41. Kg2 Kg7 42.
Qc4 Ra1 43. Rf4 d5 44. Qa6 Rd1 45. Qa7 Qe6 46. Kh2 d4 47. Rxd4 Rf1 48. Kg2 Ra1
49. Qxa5 Qc6+ 50. Qd5 Qxd5+ {1/2-1/2 Howell,D (2611)-Anand,V (2804)/London
2010.}) 12. a4 Rfc8 {More often Black develops the a8-rook on c8.} 13. b3 e6
14. Rc1 d5 15. Nxc6 bxc6 16. e5 Ne8 17. f4 ({White has an interesting resource
} 17. a5 $5 {sacrificing a pawn and hoping to win an exchange in return.} Bxe5
{Black has to accept the pawn, otherwise he will be struggling for space.} 18.
Na4 d4 (18... Bc7 19. Nb6 Qd6 20. f4 Bxb6 21. axb6 Qe7 22. c5 {The strong
passed pawn and weakened dark squares around Black's king guarantee
compensation for the pawn, perhaps more.}) 19. Nb6 Qd8 20. Bd2 c5 21. Nxa8 Rxa8
22. b4 cxb4 23. Bxb4 {Black definitely has some play for the exchange but it
will take time to coordinate his pieces. White must play precisely but it
seems to me that White's position is preferable.}) 17... a5 18. Ne4 Bf8 19. Rf3
Qd8 20. Nc5 Rcb8 21. Bf2 Nc7 22. Qe2 Rb4 23. Kh2 Be7 24. Rc2 Qf8 25. Nd7 Qd8
26. Nc5 Qf8 27. cxd5 Nxd5 28. g3 Qc8 29. Be1 Rb6 30. Rc4 Rab8 31. Qd1 Bxc5 32.
Rxc5 Qf8 33. Qc2 Nb4 34. Bxb4 Rxb4 35. Rxa5 $11 ({White can try taking a
different pawn} 35. Rxc6 $14 Rd4 36. Qc5 Rd2+ 37. Kg1 Qd8 $5 (37... Qxc5+ 38.
Rxc5 Rb2) 38. Rd6 Qe7 39. Rc3 Rb2 40. Rc6 Rd8 {Black has sufficient recourses
to hold the position.}) 35... Qd8 36. Rc5 Rxb3 37. Rxb3 Rxb3 38. Qxb3 Qd2+ 39.
Kh1 Qe1+ 40. Kg2 Qe2+ 1/2-1/2

[Event "6th Tal Memorial"]
[Site "Moscow RUS"]
[Date "2011.11.22"]
[Round "6"]
[White "Carlsen, Magnus"]
[Black "Svidler, Peter"]
[Result "1/2-1/2"]
[WhiteElo "2826"]
[BlackElo "2755"]
[Annotator "Keti Arakhamia-Grant"]
[PlyCount "106"]
[EventDate "2011.11.16"]
[Source "Mark Crowther"]
[SourceDate "2011.11.14"]

1. d4 Nf6 2. c4 g6 3. Nc3 d5 4. cxd5 Nxd5 5. e4 Nxc3 6. bxc3 Bg7 7. Bc4 c5 8.
Ne2 Nc6 9. Be3 O-O 10. O-O {In this position Avrukh, The Grandmaster
Repertoire 9, page 212, recommends two main options for Black 10...Bg4 and the
little-explored line 10...Qc7 11.Rc1 b6.} b6 {Despite been played very rarely,
this continuation came to the attention after being employed by Anand in his
World Championship match against Topalov in 2010. Next time it was Grischuk
who tried it against Aronian in the Candidates matches, 2011. Since Grischuk
and Svidler are good friends it is safe to suggest that this variation would
have been analysed by them in depth.} 11. dxc5 {The most principled reply.
Topalov choice was less commital 11.Qd2.} Qc7 12. f4 $146 ({Carlsen accepts
the challenge and deviates early with his own novelty. The other above
mentioned game continued} 12. Nd4 Ne5 13. Nb5 Qb8 14. Be2 bxc5 15. f4 Ng4 16.
Bxc5 a6 17. Na3 Qc7 18. Bd4 e5 $1 19. fxe5 Nxe5 $13 {After an intence battle
the opponents shared a point on move 70,  Aronian,L (2808)-Grischuk,A (2747)/
Kazan 2011}) 12... bxc5 13. Rb1 Rd8 14. Qa4 Na5 ({Also possible is} 14... Bd7
15. Rb5 (15. Qa6 Na5 16. Bd5 Rab8 17. f5 Rxb1 18. Rxb1 Bc8) 15... Nd4 16. cxd4
Bxb5 17. Bxb5 cxd4 18. Rc1 Qb7) 15. Bd5 Bd7 ({Deserves attention} 15... Ba6 16.
Rfe1 (16. c4 Rxd5 17. exd5 Nxc4 18. Qxa6 Nxe3 19. Rfc1 Nxd5 $44) 16... Rab8 17.
Rxb8 Rxb8 18. f5 Bb5 19. Qc2 Nc4 20. Bf4 Be5) 16. Qa3 Rac8 17. f5 e6 18. Bf4
Be5 19. fxe6 ({White had an interesting alternative to sacrifice a piece with} 
19. Bxe6 $5 fxe6 (19... Bxf4 20. Bxf7+ Kxf7 21. fxg6+ Kg7 22. Nxf4 Rf8 23. Nd5
$18) 20. fxg6 {In my analyses after the accurate defence Black can equalise,
but maybe there is an improvement for White or both sides. Anyway somehow
intuitively I feel that White's position is very promising. (Although
obviously Carlsen is not sharing this opinion since in the game he retreated
with his bishop.)} Nc4 {is the best defence} (20... hxg6 21. Bxe5 Qxe5 22. Qxa5
$14) (20... Bxf4 21. gxh7+ Kxh7 22. Nxf4 Nc4 23. Qc1 {White queen gets quickly
sent to the kingside where black king is feeling rather vulnerable without the
pawn cover. Black pieces are helpless against White's attack. For example} Rg8
24. Rf3 Qe5 25. Rh3+ Kg7 26. Nd3 Qf6 27. Rb7 $18) (20... Bc6 21. gxh7+ Qxh7 22.
Ng3 Bxf4 23. Rxf4 Nb7 24. Qb3 Re8 25. Rbf1 $18 {White mobilises all his forces
to achieve the overwhelming attack on the kingside.}) 21. Qa6 (21. gxh7+ Kh8
22. Qa6 Nb6) 21... Bxf4 (21... Rf8 22. Rb7 Qc6 23. gxh7+ Kh8 24. Qxc4 Rxf4 25.
Nxf4 Bxf4 26. Rbb1 $16) (21... Nb6 22. Qd3 $16) 22. Nxf4 Ne5 23. gxh7+ (23.
Nxe6 Bxe6 24. Qxe6+ Kh8 25. gxh7 Re8 26. Qf6+ Qg7 27. Qxg7+ Kxg7 28. Rb7+ Kh8
$11) 23... Kh8 24. Qe2 Rb8 25. Qh5 ({The idea of keeping more pieces on the
board with} 25. Rbc1 {looks a bit too slow, but probably is not so bad, but
still after} c4 $5 26. Qh5 Be8 27. Qg5 Bf7 {Black holds the position.}) 25...
Rxb1 26. Rxb1 Be8 27. Qg5 Bf7 28. Rf1 Kxh7 {Unfortunately I can't find
anything more that to take the perpetual with} 29. Nxe6 Bxe6 30. Qh4+ Kg8 31.
Qg5+ Kh7 $11) 19... fxe6 20. Bb3 Nxb3 21. axb3 Rf8 22. Qc1 c4 23. b4 Qb6+ 24.
Kh1 Bg7 {Black keeps two bishops and has a comfortable position.} 25. e5 Bc6
26. Nd4 Bd5 27. Ra1 Qb7 28. Qc2 Rc7 29. Bg3 Rcf7 30. Rxf7 Qxf7 31. Qe2 g5 32.
h3 h5 33. Kg1 h4 34. Bh2 Qg6 35. Rd1 g4 {Feels like Black is overextending.
White's resources should not be underestimated, especially when it is Carlsen
who plays with white pieces. At this tournament we had few opportunities to
witness his incredible resilience and creativity, just think of his game
against Kramnik!} 36. hxg4 Qg5 37. Nf5 $1 exf5 ({After} 37... h3 {Black does
not achieve much when White replies corectely} 38. Rd4 {with the idea to play
Bf4} (38. Nxg7 Qxg7 39. Rxd5 exd5 40. gxh3 Qg6 {Black is winning due to an
exposed situation of White's king and awkwardly placed bishop on h2.}) 38...
exf5 (38... hxg2 39. Bf4 Qd8 40. Rxd5 $1 exd5 41. e6 $16) 39. Rxd5 fxg4 40. Bg3
$1 $11) 38. Rxd5 fxg4 39. Kh1 h3 40. gxh3 gxh3 41. Rd4 (41. Rd1) 41... Qc1+ 42.
Rd1 Qxc3 43. e6 Qb2 44. Qe4 Qg2+ 45. Qxg2 hxg2+ 46. Kxg2 Re8 47. Rd6 Bf8 48.
Rc6 Bxb4 49. Rxc4 a5 50. Rc6 Kg7 51. Kf3 Kf6 52. Ke4 Rxe6+ 53. Be5+ Kf7 1/2-1/2

[Event "Schachbundesliga 2011-12"]
[Site "Solingen GER"]
[Date "2011.04.11"]
[Round "5.6"]
[White "Galyas, Miklos"]
[Black "Naumann, Alexander"]
[Result "0-1"]
[WhiteElo "2458"]
[BlackElo "2546"]
[Annotator "Keti Arakhamia-Grant"]
[PlyCount "110"]
[EventDate "2011.10.14"]
[Source "Mark Crowther"]
[SourceDate "2011.11.14"]
[WhiteTeam "SG Trier"]
[BlackTeam "SG Solingen"]

1. d4 Nf6 2. c4 g6 3. Nc3 d5 4. Nf3 Bg7 5. Qa4+ Bd7 6. Qb3 dxc4 7. Qxc4 O-O 8.
Bf4 Na6 9. e4 c5 10. e5 Be6 ({Avrukh considers only} 10... Nh5 {in his first
volume on page 96, followed by} 11. Be3 cxd4 12. Qxd4 Bc6 13. Be2 Qa5 14. O-O
Bxf3 ({The decision to give the dark squared bishop to win a pawn did not
succeeded in the following game. Despite losing the game White had an
advantage out of the opening.} 14... Rfd8 15. Qh4 Bxe5 16. b4 Qc7 17. Nxe5 Qxe5
18. b5 Qxc3 19. bxc6 Qxc6 20. Bf3 $16 Qd6 21. Rab1 Rac8 22. Bxh5 gxh5 23. Rb5 (
23. Rxb7 $142 f6 24. Qxh5 $16) 23... h6 24. Rxb7 {.... 0-1 Zhukova,N (2443)
-Mikhalevski,V (2584)/Aix-les-Bains FRA 2011.}) 15. Bxf3 Bxe5 16. Qd5 Qxd5 17.
Nxd5 Rfe8 18. g4 $5 {This move mentioned by Avrukh as a possible improvement
over previosely played} (18. Rac1 {... 1/2-1/2 Sokolov,I (2695)-Van Wely,L 
(2654)/Belgium 2003.})) 11. exf6 ({Black has a comfortable play if White
decides to keep a queen.} 11. Qa4 Nd5 12. Nxd5 Qxd5 13. Bxa6 bxa6 14. dxc5 Qxc5
15. O-O Qb5) 11... Bxc4 12. fxg7 Kxg7 ({In the only other game that reached
this position Black mistakenely captured the bishop on f1} 12... Bxf1 13.
gxf8=Q+ Qxf8 14. Kxf1 cxd4 15. Nxd4 Qc8 ({It is better to play} 15... Nc5 16.
Nde2 Nd3 17. h4 {but White's chances are still preferable}) 16. Nde2 Qf5 17.
Rd1 e5 18. Be3 Nb4 19. h4 $16 {... 1-0 Horvath,C (2546)-Flumbort,A (2493)/
Budapest HUN 2004.}) 13. Bxc4 cxd4 14. Rd1 Qa5 ({The move played in the game
is stronger than} 14... Qb6 {suggested by Ftachnik in his analyses of the game
Horvath,C-Flumbort,A} 15. Be5+ f6 16. Bxd4 Qxb2 17. O-O Rac8 18. Rb1 $36 {
Ftacnik}) 15. Be5+ (15. Rxd4 {leads to exchange of one pair of rooks but the
queen and a pawn still are stronger than three pieces. Black has no weeknesses
and his king is safe.} Rad8 16. O-O Rxd4 17. Be5+ f6 18. Bxd4 Rc8 19. Be6 Rd8
$15) 15... f6 16. Bxd4 e5 17. Be3 Rfd8 18. O-O Nb4 19. a3 Nc2 20. Bd2 Nd4 21.
Nxd4 Rxd4 22. Be2 Rad8 23. Be3 (23. b4 $5 Qxa3 24. Nb5 Qb2 25. Nxd4 Rxd4 26.
Be3 Rxd1 27. Bxd1 Qxb4 $15 28. Bxa7 $6 b6 29. Bf3 Qa5 30. Bb8 b5 31. Rd1 b4 $19
32. Rd7+ Kh8 33. Bc7 Qa4 34. Rd6 e4) 23... Rxd1 24. Bxd1 b5 25. Na2 Rd2 $1 26.
b4 (26. Bxd2 Qxd2 27. Nb4 Qxb2 28. Nc2 a5 $19) 26... Qd8 27. Bb3 (27. Bxd2 Qxd2
28. Bb3 e4 29. Nc1 Qb2 $19) 27... Rd3 28. Nc1 Rxe3 $1 29. fxe3 Qd2 $19 30. Rd1
Qxe3+ 31. Kf1 e4 32. Bd5 f5 33. Ne2 Qxa3 34. Bc6 Qxb4 35. Rd7+ Kf6 36. Rxa7 e3
37. Ra1 Qd6 38. Bxb5 Qxh2 39. Ra3 Qb8 40. Rb3 h5 41. Bc4 Qe5 42. Bd3 h4 43.
Rb6+ Kg7 44. Rb4 h3 45. gxh3 Qd5 46. Nd4 f4 47. Kg1 f3 48. Nxf3 Qxf3 49. Rb2
Qxh3 50. Rg2 Qd7 51. Bc2 Qd4 52. Kf1 Qf4+ 53. Ke2 g5 54. Bb3 g4 55. Be6 Qf3+
0-1